El príncipe y el mendigo /
Guardado en:
| Autor Principal: | |
|---|---|
| Formato: | Libro |
| Publicado: |
Buenos Aires :
Atlántida,
2009
|
| Edición: | 10 ed. |
| Series: | Nueva biblioteca Billiken
|
| Materias: | |
| Etiquetas: |
Agregar Etiqueta
Sin Etiquetas, Sea el primero en etiquetar este registro!
|
| LEADER | 01067nam a22002175a 4500 | ||
|---|---|---|---|
| 001 | CEM.cems013723 | ||
| 008 | 130507s2009##################000#0#####d | ||
| 005 | 20260616151800.0 | ||
| 245 | 1 | 0 | |a El príncipe y el mendigo / |c Mark Twain |
| 250 | |a 10 ed. | ||
| 260 | |a Buenos Aires : |b Atlántida, |c 2009 | ||
| 300 | |a 216 p. | ||
| 490 | 0 | |a Nueva biblioteca Billiken | |
| 505 | 0 | |a El príncipe y el mendigo transcurre en Inglaterra, durante el reinado de Enrique VIII. Un mismo dia nacen en diferentes pares de Londres, Elmendigo Tom Canty y el Príncipe de Gales, el futuro rey Eduardo VI. La mayor obsesión del pequeño mendigo es conocer un rey, y su deseo se hace realidad cuando de casualidad la casualidad lo lleva ante la presencia del Príncipe de Gales. Los dos chicos deciden, a modo de juego, cambiar sus ropas y lugares durante unas horas | |
| 020 | |a 9789500815192 | ||
| 100 | 1 | |a Twain, Mark | |
| 082 | 0 | 4 | |a 813.4 |
| 653 | |a Literatura | ||
| 653 | |a Literatura infantil | ||
| 653 | |a Novela eeuu | ||
| 859 | |a CEMS |b BIB. CEMS - 11 de abril |h 813.4LS1 |i T911-8 |p 26467.12 |t Ej.1 | ||
